[Event "Kalamaria op 7th"]
[Site "Kalamaria"]
[Date "2010.08.25"]
[Round "1"]
[White "Mastrovasilis, Dimitrios"]
[Black "Giankoula, Romeo"]
[Result "1-0"]
[WhiteElo "2583"]
[BlackElo "1981"]
[PlyCount "97"]
[EventDate "2010.08.25"]
[EventType "swiss"]
[EventRounds "9"]
[EventCountry "GRE"]
[SourceTitle "CBM 138 Extra"]
[Source "ChessBase"]
[SourceDate "2010.10.29"]
[SourceVersion "1"]
[SourceVersionDate "2010.10.29"]
[SourceQuality "1"]

1. e4 e5 2. Nf3 Nc6 3. Bb5 f5 4. d3 fxe4 5. dxe4 Nf6 6. 0-0 Bc5 7. Bxc6 bxc6 8. Nxe5 0-0 9. Nc3 d6 10. Nd3 Bb6 11. Bg5 Qe8 12. Bxf6 Rxf6 13. Kh1 Bd7 14. f4 Rf7 15. Qf3 Qe7 16. Rae1 Re8 17. h3 Qh4 18. Kh2 Bd4 19. Ne2 Bf6 20. Ng3 g6 21. f5 Bg7 22. Qd1 Rfe7 23. Rf4 Qf6 24. Ref1 gxf5 25. exf5 Bh6 26. R4f3 Kh8 27. Nh5 Qf7 28. f6 Re3 29. Ng3 c5 30. Rxe3 Rxe3 31. Nf5 Bxf5 32. Rxf5 c4 33. Nf4 Re4 34. Qf3 Rxf4 35. Rxf4 Bxf4+ 36. Qxf4 Kg8 37. Qf5 h6 38. Kg3 d5 39. Kf4 c5 40. Ke5 a5 41. Qc8+ Kh7 42. Qxc5 Qh5+ 43. Kd6 Qf7 44. Ke5 Qh5+ 45. Ke6 Qe2+ 46. Kd7 Qxg2 47. Qe7+ Kh8 48. f7 Qxh3+ 49. Kd8 1-0

[Event "Thessaloniki Triandria op 2nd"]
[Site "Thessaloniki"]
[Date "2009.04.26"]
[Round "7"]
[White "Giankoula, Romeo"]
[Black "Lagopatis, Nikolaos"]
[Result "0-1"]
[WhiteElo "2026"]
[BlackElo "2223"]
[PlyCount "74"]
[EventDate "2009.04.21"]
[EventType "swiss"]
[EventRounds "7"]
[EventCountry "GRE"]
[SourceTitle "EXT 2024"]
[Source "ChessBase"]
[SourceDate "2023.10.10"]
[SourceVersion "1"]
[SourceVersionDate "2023.10.10"]
[SourceQuality "1"]

1. e4 d6 2. d4 Nf6 3. Nc3 Nbd7 4. Bc4 e5 5. Nf3 Be7 6. 0-0 0-0 7. Bb3 c6 8. h3 a6 9. dxe5 dxe5 10. Qe2 b5 11. Nd1 Qc7 12. c3 a5 13. Bc2 a4 14. Ne3 Nc5 15. Nf5 Bxf5 16. exf5 e4 17. Nd4 Rfe8 18. Be3 Rac8 19. g3 Bd6 20. Kg2 Nd5 21. Rad1 a3 22. f6 g6 23. Nb3 Na4 24. bxa3 Naxc3 25. Qg4 Nxd1 26. Rxd1 Nxf6 27. Qh4 Nd5 28. Nd4 Nxe3+ 29. fxe3 Qe7 30. Qg4 h5 31. Qe2 Qe5 32. Qf2 h4 33. Ne2 hxg3 34. Qf1 Re6 35. Nf4 Rf6 36. Qe1 Re8 37. Bb3 Qg5 0-1

[Event "Kalamaria op 3rd"]
[Site "Kalamaria"]
[Date "2006.09.04"]
[Round "7"]
[White "Hakki, Imad"]
[Black "Giankoula, Romeo"]
[Result "1-0"]
[WhiteElo "2447"]
[BlackElo "2025"]
[PlyCount "44"]
[EventDate "2006.08.30"]
[EventType "swiss"]
[EventRounds "9"]
[EventCountry "GRE"]
[SourceTitle "EXT 2007"]
[Source "ChessBase"]
[SourceDate "2006.11.23"]
[SourceVersion "1"]
[SourceVersionDate "2006.11.23"]
[SourceQuality "1"]

1. Nf3 g6 2. e4 d6 3. d4 Bg7 4. c3 Nd7 5. h4 h6 6. Bc4 Nb6 7. Be2 Bg4 8. Nbd2 e5 9. dxe5 dxe5 10. Qc2 Ne7 11. a4 a6 12. a5 Nd7 13. Nc4 Be6 14. h5 g5 15. Be3 0-0 16. 0-0-0 Qc8 17. Nh2 f5 18. exf5 Nxf5 19. Ng4 Nxe3 20. Ncxe3 Nc5 21. b4 Nb3+ 22. Kb1 Kh8 1-0